Avec le plat trouve la région (Villes Francaises) - Statistiques

Statistiques générales
  • Ce quiz a été pris 63 fois
  • Le résultat moyen est 10 sur 12
Statistiques - réponses
Plat Région % Correct
Le Beure salée Bretagne
90%
Le camembert Normandie
90%
La Choucroute Grand Est
88%
Ratatouille Provence Alpes Cote D'Azur
88%
Le Cassoulet Occitanie
83%
La fondue Auvergne Rhône Alpes
81%
Le Maroilles Hauts-de-France
78%
Le mont d'or Bourgogne Franche comté
75%
La soupe à l'oignon Ile de France
75%
Le Fromage de chèvre Centre Val de Loire
71%
Tapisserie d’Aubusson Nouvelle Aquitaine
69%
Brioche Pays de la Loire
66%
Aucun quiz correspondant
Distribution des résultats
% des personnes avec chaque résultat
Percentile par nombre de réponses
Votre historique - résultats
Vous n’avez pas pris ce quiz